000 00759nam a22001937a 4500
999 _c172560
_d172560
005 20200207160827.0
010 _aA-940864
020 _c200.00
035 _aA-940864
037 _bBPPD/Pub.
082 _a841.092
100 _aشوق ، سومت پرکاش
245 _aباتیں فراق سے :
_bفراق گورکھپوری کا طویل ترین انٹرویو جو 1959ء سے 1976 ء تک سولہ برس چار ماہ کے عرصہ پر محیط ہے /
_cسومت پرکاش شوق
246 _aBaatein Firaq Se (Urdu) /
_bby Sumat Parkash Shauk
260 _aNew Delhi
_bStar Publications
_c1998 ء
270 _a4/5, Asaf Ali Road
_bNew Delhi
_e110002
300 _a192p.
_c21cm(Hb)
942 _2ddc
_cUR
_h841.092
_mگ و ر